BSOP header

The Revolution of study {ch} / (Record no. 54645)

MARC details
000 -LEADER
fixed length control field 00687nam a22002297a 4500
005 - DATE AND TIME OF LATEST TRANSACTION
control field 20251022163455.0
008 - FIXED-LENGTH DATA ELEMENTS--GENERAL INFORMATION
fixed length control field 251022b |||||||| |||| 00| 0 eng d
020 ## - INTERNATIONAL STANDARD BOOK NUMBER
International Standard Book Number 9577272371
040 ## - CATALOGING SOURCE
Original cataloging agency BSOP
041 ## - LANGUAGE CODE
Language code of text/sound track or separate title chi
050 ## - LIBRARY OF CONGRESS CALL NUMBER
Classification number LB1121
100 ## - MAIN ENTRY--PERSONAL NAME
Personal name Wang Xiuyuan
245 ## - TITLE STATEMENT
Linkage 880-1
Title The Revolution of study {ch} /
Statement of responsibility, etc Wang Xiuyuan
250 ## - EDITION STATEMENT
Edition statement 1st ed.
264 ## - PRODUCTION, PUBLICATION, DISTRIBUTION, MANUFACTURE STATEMENTS
Place of production, publication, distribution, manufacture 台北市 :
Name of producer, publisher, distributor, manufacturer <a href="宇宙光全人關懷機構,">宇宙光全人關懷機構,</a>
Date of production, publication, distribution, manufacture 2008.
300 ## - PHYSICAL DESCRIPTION
Extent 215p. :
Other physical details illustrations ;
Dimensions 21cm.
440 ## - SERIES STATEMENT/ADDED ENTRY--TITLE
Title Jia ting/chuang yi xue xi
Number of part/section of a work 1
650 ## - SUBJECT ADDED ENTRY--TOPICAL TERM
Topical term or geographic name as entry element Learning -- Physiological aspects {ch}.
650 ## - SUBJECT ADDED ENTRY--TOPICAL TERM
Topical term or geographic name as entry element Study skills {ch}.
880 ## - ALTERNATE GRAPHIC REPRESENTATION
Linkage 245-1
a 學習大革命 : 善用腦子讀好書
942 ## - ADDED ENTRY ELEMENTS (KOHA)
Source of classification or shelving scheme Library of Congress Classification
Item type Books
Holdings
Withdrawn status Lost status Source of classification or shelving scheme Damaged status Not for loan Home library Current library Shelving location Date acquired Inventory number Total Checkouts Full call number Barcode Date last seen Price effective from Koha item type Public note
    Library of Congress Classification     BSOP Library BSOP Library Chinese Books (General Circulation) 09/24/2025 C-16371   LB1121 W18 2008 00062373 10/22/2025 10/22/2025 Books Cosmic
BSOP

Biblical Seminary of the Philippines
  All rights Reserved
  © 2024

CONTACT INFORMATION

Biblical Seminary of the Philippines,
  77-B Karuhatan Road, Valenzuela City,
  PHILIPPINES 1441
  Phone: +632 8292-6795 / 8292-6798
  Fax : +632 8292-6675
  Email: library@bsop.edu.ph